<?xml version="1.0" encoding="UTF-8"?>
<record
    xmlns:xsi="http://www.w3.org/2001/XMLSchema-instance"
    xsi:schemaLocation="http://www.loc.gov/MARC21/slim http://www.loc.gov/standards/marcxml/schema/MARC21slim.xsd"
    xmlns="http://www.loc.gov/MARC21/slim">

  <leader>01578namaa22003251i 4500</leader>
  <controlfield tag="005">20260301122614.0</controlfield>
  <controlfield tag="008">260114s1996    ua a|||fr|m|| 000 0 eng d</controlfield>
  <datafield tag="040" ind1=" " ind2=" ">
    <subfield code="a">EG-GICUC</subfield>
    <subfield code="b">eng</subfield>
    <subfield code="c">EG-GICUC</subfield>
    <subfield code="d">EG-GICUC</subfield>
    <subfield code="e">rda</subfield>
  </datafield>
  <datafield tag="041" ind1="0" ind2=" ">
    <subfield code="a">eng</subfield>
    <subfield code="b">eng</subfield>
    <subfield code="b">ara</subfield>
  </datafield>
  <datafield tag="049" ind1=" " ind2=" ">
    <subfield code="a">Deposit</subfield>
  </datafield>
  <datafield tag="097" ind1=" " ind2=" ">
    <subfield code="a">M.Sc</subfield>
  </datafield>
  <datafield tag="099" ind1=" " ind2=" ">
    <subfield code="a">Cai01.10.16.M.Sc.1996.Fa.E </subfield>
  </datafield>
  <datafield tag="100" ind1="0" ind2=" ">
    <subfield code="a">Fathy Ismail Fadl Allah El-Far,</subfield>
    <subfield code="e">preparation.</subfield>
  </datafield>
  <datafield tag="245" ind1="1" ind2="0">
    <subfield code="a">Effect of Some Antirheumatics on some hormones and testicular functions of male albino rats /</subfield>
    <subfield code="c">By Fathy Ismail Fadl Allah El-Far; Supervised Dr. Ali Abd El-Maksoud Farahat, Dr. Mohamed Younis Mohamed, Dr. Gamal El-Sayed Saber El-Essawy </subfield>
  </datafield>
  <datafield tag="246" ind1="1" ind2="5">
    <subfield code="a">&#x62A;&#x623;&#x62B;&#x64A;&#x631; &#x628;&#x639;&#x636; &#x645;&#x636;&#x627;&#x62F;&#x627;&#x62A; &#x627;&#x644;&#x631;&#x648;&#x627;&#x62A;&#x64A;&#x632;&#x645; &#x639;&#x644;&#x649; &#x628;&#x639;&#x636; &#x627;&#x644;&#x647;&#x631;&#x645;&#x648;&#x646;&#x627;&#x62A; &#x648;&#x648;&#x638;&#x627;&#x626;&#x641; &#x627;&#x644;&#x62E;&#x635;&#x64A;&#x629; &#x641;&#x649; &#x630;&#x643;&#x648;&#x631; &#x627;&#x644;&#x641;&#x626;&#x631;&#x627;&#x646; </subfield>
  </datafield>
  <datafield tag="264" ind1=" " ind2="0">
    <subfield code="c">1996.</subfield>
  </datafield>
  <datafield tag="300" ind1=" " ind2=" ">
    <subfield code="a">92 Leaves  :</subfield>
    <subfield code="b">illustrations ; </subfield>
    <subfield code="c">30 cm. + </subfield>
  </datafield>
  <datafield tag="336" ind1=" " ind2=" ">
    <subfield code="2">rda content</subfield>
    <subfield code="a">text</subfield>
  </datafield>
  <datafield tag="337" ind1=" " ind2=" ">
    <subfield code="2">rdamedia</subfield>
    <subfield code="a">Unmediated</subfield>
  </datafield>
  <datafield tag="338" ind1=" " ind2=" ">
    <subfield code="2">rdacarrier</subfield>
    <subfield code="a">volume</subfield>
  </datafield>
  <datafield tag="502" ind1=" " ind2=" ">
    <subfield code="a">Thesis (M.Sc.) -Cairo University, 1996</subfield>
  </datafield>
  <datafield tag="504" ind1=" " ind2=" ">
    <subfield code="a">Bibliography: pages  66 : 92</subfield>
  </datafield>
  <datafield tag="653" ind1=" " ind2="0">
    <subfield code="a">male albino rats</subfield>
    <subfield code="a">hormones and testicular functions</subfield>
  </datafield>
  <datafield tag="700" ind1="0" ind2=" ">
    <subfield code="a">Ali Abd El-Maksoud Farahat</subfield>
    <subfield code="e">thesis advisor.</subfield>
  </datafield>
  <datafield tag="700" ind1="0" ind2=" ">
    <subfield code="a">Mohamed Younis Mohamed</subfield>
    <subfield code="e">thesis advisor.</subfield>
  </datafield>
  <datafield tag="700" ind1="0" ind2=" ">
    <subfield code="a">Gamal El-Sayed Saber El-Essawy</subfield>
    <subfield code="e">thesis advisor.</subfield>
  </datafield>
  <datafield tag="900" ind1=" " ind2=" ">
    <subfield code="D">Department of Physiology</subfield>
    <subfield code="F">Faculty of Medicine </subfield>
    <subfield code="U">Cairo University</subfield>
    <subfield code="b">1996</subfield>
    <subfield code="c">Ali Abd El-Maksoud Farahat</subfield>
    <subfield code="c">Gamal El-sayed Saber El-Essawy</subfield>
    <subfield code="c">Mohamed Younis Mohamed</subfield>
    <subfield code="d">Ali Abd El-Maksoud Farahat</subfield>
  </datafield>
  <datafield tag="905" ind1=" " ind2=" ">
    <subfield code="a">Nagat</subfield>
    <subfield code="e">Nourhan</subfield>
  </datafield>
  <datafield tag="942" ind1=" " ind2=" ">
    <subfield code="2">ddc</subfield>
    <subfield code="c">TH</subfield>
    <subfield code="e">21</subfield>
    <subfield code="n">0</subfield>
  </datafield>
  <datafield tag="999" ind1=" " ind2=" ">
    <subfield code="c">177696</subfield>
  </datafield>
  <datafield tag="952" ind1=" " ind2=" ">
    <subfield code="2">ddc</subfield>
    <subfield code="9">313672</subfield>
    <subfield code="a">CUCL</subfield>
    <subfield code="b">100</subfield>
    <subfield code="d">2026-01-14</subfield>
    <subfield code="i">27474</subfield>
    <subfield code="o">Cai01.10.16.M.Sc.1996.Fa.e </subfield>
    <subfield code="p">01010110027474000</subfield>
    <subfield code="r">2026-01-14 14:02:29</subfield>
    <subfield code="w">2026-01-14</subfield>
    <subfield code="y">TH</subfield>
  </datafield>
</record>
